Cultural memory and the construction of identity

Αποθηκεύτηκε σε:
Λεπτομέρειες βιβλιογραφικής εγγραφής
Άλλοι συγγραφείς: Ben-Amos, Dan (Επιμελητής έκδοσης), Weisberg, Liliane (Επιμελητής έκδοσης)
Μορφή: Βιβλίο
Γλώσσα:English
Δημοσίευση: Detroit : Wayne State University Press, c1999
Θέματα:
Ετικέτες: Προσθήκη ετικέτας
Δεν υπάρχουν, Καταχωρήστε ετικέτα πρώτοι!

MARC

LEADER 00000nam a2200000 i 4500
001 1/2967
008 000516s1999 eng d
020 |a 0814327532 
035 |l 10060631 
040 |a GR-MY-UA  |b gre  |e aacr 
041 0 |a eng 
082 0 |a 901 
245 1 0 |a Cultural memory and the construction of identity /  |c edited by Dan Ben-Amos and Liliane Weissberg 
260 |a Detroit :   |b Wayne State University Press,   |c c1999 
300 |a 333 p. 
504 |a Includes bibliographical references and index 
650 0 0 |a History  |x Philosophy. 
650 0 0 |a Memory (Philosophy) 
700 1 |a Ben-Amos, Dan.  |4 edt 
700 1 |a Weisberg, Liliane.  |4 edt 
852 |a INST  |b LESVOS  |e 20000516  |h 901 CUL  |p 005100026293  |q 005100026293  |t BK  |y 0 
901 |a BIBL1-2000-2 
909 |a Λ  |b 078041 
922 |a 1ΕΛΗ  |b 200005  |c ΚΠΣ/ΤΚΑ  |d ΠΑΠΑΣΩΤΗΡΙΟΥ 
950 |a 117-1999-11-26 
970 |a ΤΖΑΦΕΡΗ  |b ΕΥΑΓΓΕΛΙΑ  |z 2000/05/18